| 000 -LEADER |
| fixed length control field |
00809nam a2200229 a 4500 |
| 007 - PHYSICAL DESCRIPTION FIXED FIELD--GENERAL INFORMATION |
| fixed length control field |
ta |
| 008 - FIXED-LENGTH DATA ELEMENTS--GENERAL INFORMATION |
| fixed length control field |
200116t2005 xxuad||g |||| 001 0 eng d |
| 020 ## - INTERNATIONAL STANDARD BOOK NUMBER |
| International Standard Book Number |
9780875530475 |
| Terms of availability |
Rs. 1185.00 |
| 040 ## - CATALOGING SOURCE |
| Original cataloging agency |
IMU Kochi Library |
| Language of cataloging |
eng |
| 041 0# - LANGUAGE CODE |
| Language code of text/sound track or separate title |
eng |
| 044 ## - COUNTRY OF PUBLISHING/PRODUCING ENTITY CODE |
| MARC country code |
United States |
| 082 04 - DEWEY DECIMAL CLASSIFICATION NUMBER |
| Edition number |
23 |
| Classification number |
628.16 |
| Item number |
F8572 |
| 245 00 - TITLE STATEMENT |
| Title |
Standard Methods for the Examination of Water and Wastewater / |
| 260 ## - PUBLICATION, DISTRIBUTION, ETC. (IMPRINT) |
| Place of publication, distribution, etc |
Washington : |
| Name of publisher, distributor, etc |
American Public Health Association, |
| Date of publication, distribution, etc |
2005. |
| 300 ## - PHYSICAL DESCRIPTION |
| Extent |
various pagination : |
| Other physical details |
ill., charts ; |
| Dimensions |
29 cm |
| 650 #0 - SUBJECT ADDED ENTRY--TOPICAL TERM |
| Topical term or geographic name as entry element |
Water |
| General subdivision |
Analysis |
| 650 #0 - SUBJECT ADDED ENTRY--TOPICAL TERM |
| Topical term or geographic name as entry element |
Sewage |
| General subdivision |
Analysis |
| 700 ## - ADDED ENTRY--PERSONAL NAME |
| Personal name |
Franson, Mary Ann H. |
| Relator term |
Editor |
| 852 ## - LOCATION/CALL NUMBER |
| Location |
IMU Kochi Library |
| 904 ## - LOCAL DATA ELEMENT D, LDD (RLIN) |
| CATALOGER |
Akhil Bose |
| 942 ## - ADDED ENTRY ELEMENTS (KOHA) |
| Item type |
Books |